Deutsche Unternehmen - Sudden Death - Statistiken

Allgemein
  • Dieses Quiz wurde 518 mal gespielt
  • Das Durchschnittsergebnis liegt bei 9 aus 18
Answers on the Grid
Answers color-coded by a green-red scale on the quiz's grid according to % correct below.
Fiat
Ferrero
Ford
Google
Red Bull
Zurich Versicherung
Aral
HelloFresh
Siemens
Henkel
E.ON
DACHSER
Hitschies
STIHL
Europcar
Lime
Flixbus
Subway
Novoline
RTL Group
Porsche
Rheinmetall
Almdudler
Telekom
Adidas
Continental
Sixt
Lidl
Hugo Boss
Puma
 
Antwortstatistiken
Antwort % Korrekt
Lidl
73%
Porsche
73%
Adidas
72%
Telekom
69%
Rheinmetall
68%
Puma
66%
Siemens
65%
Henkel
52%
STIHL
45%
DACHSER
43%
E.ON
41%
Flixbus
40%
Hitschies
37%
Hugo Boss
34%
Continental
33%
Aral
28%
HelloFresh
26%
Sixt
26%
Keine übereinstimmenden Quizze gefunden
Verteilung der Resultate
Anzahl Personen mit jedem Resultat
Perzentil nach korrekt beantworteten Fragen
Ihre Resultats-Entwicklung
Sie haben dieses Quiz noch nicht gespielt